Witamy w Bibliotece Naukowej Instytutu Łączności!

Cifrovye modelirovanie v statisticeskoj radiotechnike / (Rekord nr 4597)

000 -LEADER
fixed length control field 00379 a2200109 4500
100 1# - MAIN ENTRY--PERSONAL NAME
Personal name Bykov, V.V..
Relator term Autor
245 0# - TITLE STATEMENT
Title Cifrovye modelirovanie v statisticeskoj radiotechnike /
Statement of responsibility, etc Bykov V.V..
260 ## - PUBLICATION, DISTRIBUTION, ETC. (IMPRINT)
Place of publication, distribution, etc Moskva :
Name of publisher, distributor, etc Sovetskoe Radio,
Date of publication, distribution, etc 1971.
300 ## - PHYSICAL DESCRIPTION
Extent 325 s.;
Dimensions 24 cm.
490 1# - SERIES STATEMENT
Series statement International Geophysics Series
710 2# - ADDED ENTRY--CORPORATE NAME
Corporate name or jurisdiction name as entry element Sovetskoe Radio.
Relator term Wydawca
Relator code pbl
830 #0 - SERIES ADDED ENTRY--UNIFORM TITLE
Uniform title International Geophysics Series

Brak dostępnych egzemplarzy.

Działa dzięki Koha